Κατάλογος Βιβλιοθηκών Mediterranean College

The Art of Computer Programming / Volume 3/ Sorting and Searching (Record no. 3491)

MARC details
000 -LEADER
fixed length control field 01181cam a22002054a 4500
005 - ΗΜΕΡΟΜΗΝΙΑ ΚΑΙ ΩΡΑ ΤΕΛΕΥΤΑΙΑΣ ΕΝΗΜΕΡΩΣΗΣ
Πεδίο ελέγχου 20250605164116.0
008 - FIXED-LENGTH DATA ELEMENTS--GENERAL INFORMATION
Πεδίο ελέγχου σταθερού μήκους 250528s ||||||||||||||||||||||||d
035 ## - SYSTEM CONTROL NUMBER
System control number 18107
020 ## - ISBN
ISBN 020103803X
040 ## - ΠΗΓΗ ΚΑΤΑΛΟΓΟΓΡΑΦΗΣΗΣ
Φορέας πρωτότυπης καταλογογράφησης MC Athens Campus Library
Γλώσσα καταλογογράφησης Ελληνικά, Μοντέρνα (1453-)
Modifying agency MC Athens Campus Library
Κανόνες περιγραφικής καταλογογράφησης AACR2
245 1# - ΤΙΤΛΟΣ ΚΑΙ ΔΗΛΩΣΗ ΥΠΕΥΘΥΝΟΤΗΤΑΣ
Τίτλος The Art of Computer Programming / Volume 3/ Sorting and Searching
260 ## - PUBLICATION, DISTRIBUTION, ETC.
Name of publisher, distributor, etc. Addison-Wesley Publishing Company,
Date of publication, distribution, etc. 1981
300 ## - PHYSICAL DESCRIPTION
Extent 726
505 0# - FORMATTED CONTENTS NOTE
Formatted contents note Sorting, Combinational Properties of Permutations, Internal Sorting, Optimun Sorting, External Sorting, Summary and History and Bibliography, Searching, Sequential Searching, Digital Searching, Hashing, Retrieval on Secondary Keys, Answers to Exercises, Tables of Numerical Quantities, Index to Notations, Index and Glossary.
520 ## - SUMMARY, ETC.
Summary, etc. Sorting, Combinational Properties of Permutations, Internal Sorting, Optimun Sorting, External Sorting, Summary and History and Bibliography, Searching, Sequential Searching, Digital Searching, Hashing, Retrieval on Secondary Keys, Answers to Exercises, Tables of Numerical Quantities, Index to Notations, Index and Glossary.
700 1# - ΠΡΟΣΘΕΤΗ ΑΝΑΓΡΑΦΗ--ΦΥΣΙΚΟ ΠΡΟΣΩΠΟ
Personal name Knuth E. Donald
9 (RLIN) 4399
942 ## - ADDED ENTRY ELEMENTS (KOHA)
Koha item type Books
Holdings
Τύπος τεκμηρίου Βιβλιοθήκη Τρέχουσα τοποθεσία Barcode Αριθμός εισαγωγής Ημερομηνία απόκτησης Ταξιθετικό σύμβολο Αριθμός αντιτύπου Κατάσταση απόσυρσης Κατάσταση χαμένου Κατάσταση κατεστραμμένου Μη δανεισμός Σύνολο δανεισμών Ημερομηνία τελευταίας εμφάνισης Η τιμή ισχύει από
Books MC Athens Campus Library MC Athens Campus Library 9780000034908 2301 05/06/2025 005.1 KNU V.3 1           05/06/2025 05/06/2025

MC Athens Campus Library
Πατησίων 94 & Κοδριγκτώνος 13, 104 34
Πελλήνης 8 & Πατησίων 107, 112 51
Τ: +30 210 8899600

MC Thessaloniki Campus Library
Ίωνος Δραγούμη 21, 54625 | Ίωνος Δραγούμη 15, 54625
Τ: +30 2310 287779 – Τ: +30 2314 440300